Countries of Africa by Population - Statistics

General Stats
  • This quiz has been taken 40 times
  • The average score is 31 of 54
Answer Stats
Population Answer % Correct
206 mil N Nigeria
100%
102 mil E Egypt
96%
114 mil E Ethiopia
96%
43.8 mil A Algeria
88%
53.7 mil K Kenya
88%
59.3 mil S South Africa
88%
43.7 mil S Sudan
88%
59.7 mil T Tanzania
88%
45.7 mil U Uganda
88%
32.8 mil A Angola
83%
89.5 mil D D.R Congo
83%
31.2 mil G Ghana
79%
36.9 mil M Morocco
79%
18.3 mil Z Zambia
79%
14.8 mil Z Zimbabwe
79%
27.6 mil M Madagascar
75%
20.9 mil B Burkina Faso
67%
20.2 mil M Mali
67%
31.0 mil M Mozambique
67%
24.2 mil N Niger
67%
26.3 mil I Ivory Coast
63%
16.7 mil S Senegal
63%
26.5 mil C Cameroon
58%
12.9 mil R Rwanda
58%
12.1 mil B Benin
54%
16.4 mil C Chad
54%
13.1 mil G Guinea
50%
98.3 k S Seychelles
50%
8.27 mil T Togo
50%
555 k C Cape Verde
46%
869 k C Comoros
46%
988 k D Djibouti
46%
19.1 mil M Malawi
46%
4.82 mil C Central African Republic
42%
1.16 mil E Eswatini
42%
2.41 mil G Gambia
42%
2.14 mil L Lesotho
42%
5.05 mil L Liberia
42%
6.87 mil L Libya
42%
219 k S Sao Tome & Principe
42%
7.97 mil S Sierra Leone
42%
15.8 mil S Somalia
42%
11.7 mil B Burundi
38%
3.54 mil E Eritrea
38%
11.1 mil S South Sudan
38%
2.35 mil B Botswana
33%
1.40 mil E Equatorial Guinea
33%
1.96 mil G Guinea-Bissau
33%
4.64 mil M Mauritania
33%
1.27 mil M Mauritius
33%
2.54 mil N Namibia
33%
5.51 mil R Rep. Congo
33%
11.8 mil T Tunisia
33%
2.22 mil G Gabon
29%
No matching quizzes found
Score Distribution
Percent of People with Each Score
Percentile by Number Answered
Your Score History
You have not taken this quiz